<?xml version="1.0" encoding="UTF-8"?><record xmlns="http://www.loc.gov/MARC21/slim" xmlns:zs="http://docs.oasis-open.org/ns/search-ws/sruResponse">
  <leader>01955cem a2200505 i 4500</leader>
  <controlfield tag="001">23111279</controlfield>
  <controlfield tag="005">20250607121732.0</controlfield>
  <controlfield tag="007">cr c||||||||||</controlfield>
  <controlfield tag="008">230502s2022    dcub      a  f  0   eng  </controlfield>
  <datafield ind1=" " ind2=" " tag="035">
    <subfield code="a">23111279</subfield>
  </datafield>
  <datafield ind1=" " ind2=" " tag="906">
    <subfield code="a">7</subfield>
    <subfield code="b">cbc</subfield>
    <subfield code="c">orignew</subfield>
    <subfield code="d">u</subfield>
    <subfield code="e">ncip</subfield>
    <subfield code="f">20</subfield>
    <subfield code="g">y-geogmaps</subfield>
  </datafield>
  <datafield ind1="0" ind2=" " tag="925">
    <subfield code="a">acquire</subfield>
    <subfield code="b">1 shelf copy</subfield>
    <subfield code="x">policy default</subfield>
  </datafield>
  <datafield ind1=" " ind2=" " tag="955">
    <subfield code="i">ga10 2023-05-02</subfield>
  </datafield>
  <datafield ind1=" " ind2=" " tag="010">
    <subfield code="a">  2023592010</subfield>
  </datafield>
  <datafield ind1="0" ind2=" " tag="034">
    <subfield code="a">a</subfield>
  </datafield>
  <datafield ind1=" " ind2=" " tag="040">
    <subfield code="a">DLC</subfield>
    <subfield code="b">eng</subfield>
    <subfield code="c">DLC</subfield>
    <subfield code="d">DLC</subfield>
    <subfield code="e">rda</subfield>
  </datafield>
  <datafield ind1="0" ind2="0" tag="050">
    <subfield code="a">G7104.S37</subfield>
  </datafield>
  <datafield ind1=" " ind2=" " tag="052">
    <subfield code="a">7104</subfield>
    <subfield code="b">S37</subfield>
    <subfield code="b">L84</subfield>
  </datafield>
  <datafield ind1="1" ind2=" " tag="110">
    <subfield code="a">United States.</subfield>
    <subfield code="b">Central Intelligence Agency,</subfield>
    <subfield code="e">cartographer.</subfield>
  </datafield>
  <datafield ind1="1" ind2="0" tag="245">
    <subfield code="a">Ukraine :</subfield>
    <subfield code="b">Sievierodonetsk-Lysychansk salient and surrounding area.</subfield>
  </datafield>
  <datafield ind1=" " ind2=" " tag="255">
    <subfield code="a">Scale not determined.</subfield>
  </datafield>
  <datafield ind1=" " ind2="1" tag="264">
    <subfield code="a">[Washington] :</subfield>
    <subfield code="b">[Central Intelligence Agency],</subfield>
    <subfield code="c">[2022]</subfield>
  </datafield>
  <datafield ind1=" " ind2=" " tag="300">
    <subfield code="a">1 online resource (1 map (1 JPEG file)) :</subfield>
    <subfield code="b">color</subfield>
  </datafield>
  <datafield ind1=" " ind2=" " tag="336">
    <subfield code="a">cartographic image</subfield>
    <subfield code="b">cri</subfield>
    <subfield code="2">rdacontent</subfield>
  </datafield>
  <datafield ind1=" " ind2=" " tag="337">
    <subfield code="a">computer</subfield>
    <subfield code="b">c</subfield>
    <subfield code="2">rdamedia</subfield>
  </datafield>
  <datafield ind1=" " ind2=" " tag="338">
    <subfield code="a">online resource</subfield>
    <subfield code="b">cr</subfield>
    <subfield code="2">rdacarrier</subfield>
  </datafield>
  <datafield ind1=" " ind2=" " tag="347">
    <subfield code="a">image file</subfield>
    <subfield code="2">rdaft</subfield>
  </datafield>
  <datafield ind1=" " ind2=" " tag="347">
    <subfield code="b">JPEG</subfield>
  </datafield>
  <datafield ind1=" " ind2=" " tag="347">
    <subfield code="c">98.88 MB</subfield>
  </datafield>
  <datafield ind1=" " ind2=" " tag="347">
    <subfield code="d">34.56 megapixels</subfield>
  </datafield>
  <datafield ind1=" " ind2=" " tag="352">
    <subfield code="a">Raster :</subfield>
    <subfield code="b">pixel</subfield>
    <subfield code="d">(7,200 X</subfield>
    <subfield code="e">4,800)</subfield>
  </datafield>
  <datafield ind1=" " ind2=" " tag="500">
    <subfield code="a">Relief shown by shading.</subfield>
  </datafield>
  <datafield ind1=" " ind2=" " tag="500">
    <subfield code="a">Source data scale 1:220,000.</subfield>
  </datafield>
  <datafield ind1=" " ind2=" " tag="500">
    <subfield code="a">"2022-12178."</subfield>
  </datafield>
  <datafield ind1=" " ind2=" " tag="530">
    <subfield code="a">Open Street Map contributors - Open Data Commons Open Database License (ODbL)</subfield>
    <subfield code="u">https://opendatacommons.org/licenses/odbl/</subfield>
  </datafield>
  <datafield ind1=" " ind2="0" tag="651">
    <subfield code="a">Si︠e︡vi︠e︡rodonet︠s︡ʹk Region (Ukraine)</subfield>
    <subfield code="v">Maps.</subfield>
  </datafield>
  <datafield ind1=" " ind2="0" tag="651">
    <subfield code="a">Lysychansʹk Region (Ukraine)</subfield>
  </datafield>
  <datafield ind1=" " ind2="7" tag="655">
    <subfield code="a">Digital maps.</subfield>
    <subfield code="2">lcgft</subfield>
  </datafield>
  <datafield ind1=" " ind2="7" tag="655">
    <subfield code="a">Raster data.</subfield>
    <subfield code="2">lcgft</subfield>
  </datafield>
  <datafield ind1=" " ind2=" " tag="662">
    <subfield code="a">Ukraine</subfield>
    <subfield code="b">Si︠e︡vi︠e︡rodonet︠s︡ʹk.</subfield>
    <subfield code="2">naf</subfield>
  </datafield>
  <datafield ind1="2" ind2=" " tag="710">
    <subfield code="a">OpenStreetMap (Project),</subfield>
    <subfield code="e">contributor.</subfield>
  </datafield>
  <datafield ind1="0" ind2=" " tag="852">
    <subfield code="a">Library of Congress</subfield>
    <subfield code="b">Geography and Map Division</subfield>
    <subfield code="e">Washington, D.C. 20540-4650 USA</subfield>
    <subfield code="n">dcu</subfield>
  </datafield>
  <datafield ind1="4" ind2="1" tag="856">
    <subfield code="d">gmddigstackspublic</subfield>
    <subfield code="f">2023592010</subfield>
    <subfield code="u">https://hdl.loc.gov/loc.gmd/gmddigstackspublic.2023592010</subfield>
    <subfield code="q">c</subfield>
  </datafield>
  <datafield ind1=" " ind2=" " tag="985">
    <subfield code="a">GMD/MULTIMAP</subfield>
    <subfield code="h">20230823</subfield>
  </datafield>
  <datafield ind1=" " ind2=" " tag="985">
    <subfield code="a">GMD/DIGITALMAP</subfield>
  </datafield>
</record>
